| 000 -LEADER |
| fixed length control field |
00462nam a22001577a 4500 |
| 008 - FIXED-LENGTH DATA ELEMENTS--GENERAL INFORMATION |
| fixed length control field |
200318b ||||| |||| 00| 0 eng d |
| 041 0# - LANGUAGE CODE |
| Language code of text/sound track or separate title |
eng |
| 082 00 - DEWEY DECIMAL CLASSIFICATION NUMBER |
| Classification number |
551.51 |
| Item number |
S9417 |
| 100 ## - MAIN ENTRY--PERSONAL NAME |
| 9 (RLIN) |
2542 |
| Personal name |
Subramaniam, H. |
| 245 10 - TITLE STATEMENT |
| Title |
Ship Weather Code 1982 : Supplement to Marine meteorology / |
| 260 ## - PUBLICATION, DISTRIBUTION, ETC. (IMPRINT) |
| Place of publication, distribution, etc |
Mumbai: |
| Name of publisher, distributor, etc |
Vijaya Publications, |
| Date of publication, distribution, etc |
2008. |
| 300 ## - PHYSICAL DESCRIPTION |
| Extent |
48 p. |
| 440 ## - SERIES STATEMENT/ADDED ENTRY--TITLE |
| Title |
Supplement to Marine Meteorology |
| 650 #0 - SUBJECT ADDED ENTRY--TOPICAL TERM |
| Topical term or geographic name as entry element |
Weather Codes |
| 942 ## - ADDED ENTRY ELEMENTS (KOHA) |
| Item type |
Books |